00749naa#a2200217#i#4500001001600000005001700016011001400033100004100047102000700088200006900095210005200164215001000216608002700226675008800253700003100341700003200372700003800404700003800442700003000480856002100510EN\\bibl\12209920260512215409.2##a1998-6785##a20230621b2023####ek#y0engy0150####ca##aRU1#aMigrants and migrations in the Russian Far EasteJournal article1#aVladivostokcVladivostok State Universityd2023##a7 с.##aJournal article2local##aСоциальные процессы. Социальная динамика. 316.4#1aArdalyanovagAnna Yur'evna#1aVinokurovagAnna Viktorovna#1aKovalevskiigAndrey Vladimirovich#1aSerdyukovgKonstantin Nikolaevich#1aYakovlevgAital Igorevich4#avvgu.editorum.ru